000 01006cam a2200337 a 4500
001 000004880
003 DO-SdBPM
005 20250703135118.0
007 ta
008 770923s2003 sp 000 e spa
020 _a843761791X
040 _aDO-SdBPM
_cspa
_dBPMSU
_erda
082 4 _aU864.5
_bR695a 2003
_222
100 1 _aRodó, José Enrique,
_d1871-1917.
_eautor
245 1 0 _aAriel /
_cJosé Enrique Rodó.; edición de Belén Castro
250 _a2a. ed.
260 _c
264 _aMadrid :
_bCatedra,
_c2003
300 _a231 páginas ;
_c21 cm.
336 _atexto
_btxt
_2rdacontent
337 _asinmediación
_bn
_2rdamedia
338 _avolomen
_bnc
_2rdacarrier
490 0 _aLetra Hispánicas,
_v 474
590 _aInventariado, 2025/VM
650 7 _aEnsayos uruguayos
650 7 _aLiteratura uruguaya
_xHistoria y crítica
650 7 _aÉtica social
700 1 _aCastro, Belén
_4editor
910 _aVMateo V. Control de caldiad. BPMSU
942 _2ddc
_cBK
999 _c8275
_d8275